Cuadernos de notas / (Record no. 185451)

MARC details
000 -LEADER
campo de control de longitud fija 00894nam a2200241 i 4500
001 - NÚMERO DE CONTROL
campo de control 185451
003 - IDENTIFICADOR DE NÚMERO DE CONTROL
campo de control SpMaBN
005 - FECHA Y HORA DE LA ÚLTIMA TRANSACCIÓN
campo de control 20230906222435.0
008 - DATOS DE LONGITUD FIJA--INFORMACIÓN GENERAL
campo de control de longitud fija 160606s1999 sp a |||| |dspa d
020 ## - NÚMERO INTERNACIONAL ESTÁNDAR DEL LIBRO
Número Internacional Estándar del Libro 84-8403-448-8
080 ## - NÚMERO DE LA CLASIFICACIÓN DECIMAL UNIVERSAL
Número de la Clasificación Decimal Universal 081:929 Leonardo da Vinci
100 1# - ENTRADA PRINCIPAL--NOMBRE DE PERSONA
Nombre de persona Leonardo da Vinci,
Fechas asociadas al nombre 1452-1519
9 (RLIN) 71671
245 10 - MENCIÓN DEL TÍTULO
Título Cuadernos de notas /
Mención de responsabilidad, etc. Leonardo da Vinci ; traducción, José Luis Velaz.
260 ## - PUBLICACIÓN, DISTRIBUCIÓN, ETC.
Lugar de publicación, distribución, etc. Arganda del Rey (Madrid) :
Nombre del editor, distribuidor, etc. EDIMAT,
Fecha de publicación, distribución, etc. [1999]
300 ## - DESCRIPCIÓN FÍSICA
Extensión 301 p. :
Otras características físicas il. ;
Dimensiones 20 cm.
490 1# - MENCIÓN DE SERIE
Mención de serie Clásicos selección ;
Designación de volumen o secuencia 27
505 8# - NOTA DE CONTENIDO CON FORMATO
Nota de contenido con formato Contiene: ;
Título Arte ;
-- Literatura ;
-- Ciencia ;
-- Filosofía
600 17 - PUNTO DE ACCESO ADICIONAL DE MATERIA--NOMBRE DE PERSONA
Nombre de persona Leonardo da Vinci,
Fechas asociadas al nombre 1452-1519-
Subdivisión general Cuadernos de notas, apuntes, etc.
Fuente del encabezamiento o término
9 (RLIN) 159787
700 1# - ENTRADA AGREGADA--NOMBRE PERSONAL
Nombre de persona Velaz, José Luis.
9 (RLIN) 159786
830 0# - PUNTO DE ACCESO ADICIONAL DE SERIE-TÍTULO UNIFORME
Título uniforme Clásicos selección ;
Designación de volumen o secuencia 27
9 (RLIN) 225214
852 ## - LOCALIZACIÓN
Ubicación ES-MaACL
Número de control de estantería L-30335
Nota libre - enc. cart.
Holdings
Estatus retirado Estado de pérdida Estado de daño No para préstamo Biblioteca de origen Biblioteca actual Ubicación en estantería Fecha de adquisición Fuente de adquisición Total de préstamos Signatura topográfica completa Código de barras Visto por última vez Precio de reemplazo Tipo de ítem Koha
        Biblioteca del Ateneo de Madrid Biblioteca del Ateneo de Madrid Depósito 2 06/06/2016     L-30335 1195388 23/02/2023 23/02/2023 Libro impreso